000 00380nam a2200145 i 4500
001 151109
003 ES-MaACL
005 20230906203834.0
007 t|
008 071210q19301939au ||||1| fre d
245 0 4 _aLes arts en Autriche.
260 _aVienne :
_bOsterreichische Verkeherswerbung,
_c[193-?]
300 _a64 p. :
_bil. ;
_c30 cm.
852 _aES-MaACL
_j1767-F-13
999 _c151109
_d151109